00491nam a22001337a 4500003000500000082000800005100001800013245011700031264003700148300003100185650005000216700003400266856005700300NUST a670 aNAWAZ ,HAMZA  aDesign and Development of Layer by Layer Deposition Mechanism for Selective Laser Melting Process /cHAMZA NAWAZ aIslamabad: bSMME- NUST. c2021. a59p. ;bSoft Copy, c30cm. aMS Design and Manufacturing Engineering  aSupervisor : Dr. Mushtaq Khan uhttp://10.250.8.41:8080/xmlui/handle/123456789/24966